|
|
|
|
| LEADER |
01151nam a2200325 a 4500 |
| 001 |
879508 |
| 008 |
091121s1978 enka b 001 0 eng d |
| 010 |
|
|
|a \\\79670095
|
| 020 |
|
|
|a 0255361149
|
| 040 |
|
|
|a DLC
|c DLC
|d DLC
|
| 082 |
0 |
0 |
|a 330
|2 18
|
| 245 |
0 |
4 |
|a The Economics of politics /
|c James M. Buchanan ... [et al.].
|
| 260 |
|
|
|a London :
|b Institute of Economic Affairs ;
|a Levittown, N.Y. :
|b [distributed by] Transatlantic Arts,
|c 1978.
|
| 300 |
|
|
|a xiii, 194 p. :
|b ill. ;
|c 21 cm.
|
| 490 |
0 |
|
|a IEA readings,
|x 0305-814X ;
|v 18
|
| 504 |
|
|
|a Includes bibliographical references and indexes.
|
| 541 |
1 |
|
|e 00000161
|
| 650 |
|
0 |
|a Political science.
|
| 650 |
|
0 |
|a Economics.
|
| 650 |
|
0 |
|a Social choice.
|
| 650 |
|
0 |
|a Bureaucracy.
|
| 700 |
1 |
|
|a Buchanan, James M.
|
| 700 |
1 |
|
|a Rowley, Charles K.
|
| 700 |
1 |
|
|a Breton, Albert.
|
| 700 |
1 |
|
|a Wiseman, Jack.
|
| 700 |
1 |
|
|a Frey, Bruno.
|
| 700 |
1 |
|
|a Peacock, A. T.
|
| 852 |
4 |
|
|a Ayesha Abed Library
|j General shelf
|
| 999 |
|
|
|c 5744
|d 5744
|
| 952 |
|
|
|0 0
|1 0
|2 ddc
|4 0
|6 330_ECO
|7 0
|9 5679
|a BRACUL
|b BRACUL
|c GEN
|d 2009-11-21
|g 282.00
|l 4
|m 21
|o 330 ECO
|p 3010000161
|r 2016-05-09
|s 2016-01-18
|t 1
|v 564.00
|w 2009-11-21
|y BK
|